00308 a2200097 4500001001000000005001700010008004100027245006500068100002600133773005100159ART_1840720260410161701.0260409a 10aLas facturas apócrifas como medio de la evasión agravada1 aHaddad, Jorge Enrique0 tRevista Impuestosg- Nº 2 (feb. 2013)wREV639